| 000 | 00570nam a22001817a 4500 | ||
|---|---|---|---|
| 999 |
_c8582 _d8582 |
||
| 008 | 201202b ||||| |||| 00| 0 eng d | ||
| 040 | _aBMS College of Architecture | ||
| 100 | _aSouza, D Charles Ashik | ||
| 245 | _aCenter for oncology Bangalore | ||
| 300 | _a56p. | ||
| 500 | _a1BM13AT080 | ||
| 502 |
_8B,Arch _NBMS College of Architecture, Visvesvaraya Technological University (VTU) _aProject report _d2017 |
||
| 650 | _aOncology | ||
| 700 |
_aGirija Umashankar _eGuide |
||
| 700 |
_aSharath Ravi _eGuide |
||
| 700 |
_aRadhika Kulkarni _eGuide |
||
| 942 |
_2ddc _cTHE |
||